Tolley's yellow tax hand book 2012-13 / (Record no. 5885)

MARC details
000 -LEADER
fixed length control field 00502nam a22001697a 4500
008 - FIXED-LENGTH DATA ELEMENTS--GENERAL INFORMATION
fixed length control field 140629b xxu||||| |||| 00| 0 eng d
020 ## - INTERNATIONAL STANDARD BOOK NUMBER
International Standard Book Number 9-7814-0577-0187
082 ## - DEWEY DECIMAL CLASSIFICATION NUMBER
Edition number 22 ed.
Classification number 343.4104
Item number TOL
100 ## - MAIN ENTRY--PERSONAL NAME
Personal name Tolley
245 ## - TITLE STATEMENT
Title Tolley's yellow tax hand book 2012-13 /
Statement of responsibility, etc Anne Redston (consultant editor)
260 ## - PUBLICATION, DISTRIBUTION, ETC. (IMPRINT)
Place of publication, distribution, etc UK :
Name of publisher, distributor, etc LexixNexis
Date of publication, distribution, etc 2012
300 ## - PHYSICAL DESCRIPTION
Extent 2164 P. ;
Dimensions 24 cm.
650 ## - SUBJECT ADDED ENTRY--TOPICAL TERM
Topical term or geographic name as entry element Taxation
650 ## - SUBJECT ADDED ENTRY--TOPICAL TERM
Topical term or geographic name as entry element Tolley's yellow tax hand book 2012-13
700 ## - ADDED ENTRY--PERSONAL NAME
Personal name Redston, Anne
942 ## - ADDED ENTRY ELEMENTS (KOHA)
Source of classification or shelving scheme Dewey Decimal Classification
Item type Books
Holdings
Withdrawn status Lost status Source of classification or shelving scheme Damaged status Not for loan Home library Current library Shelving location Date acquired Total Checkouts Full call number Barcode Date last seen Copy number Uniform Resource Identifier Price effective from Koha item type Public note
    Dewey Decimal Classification     Law Development Centre Main Library Law Development Centre Main Library Text Books and Laws 06/29/2014   343.4104 TOL 8951/2014 06/29/2014 1 part 1a 06/29/2014 Books reserve
    Dewey Decimal Classification     Law Development Centre Main Library Law Development Centre Main Library Text Books and Laws 06/29/2014   343.4104 TOL 8952/2014 06/29/2014 1 part 1b 06/29/2014 Books reserve
    Dewey Decimal Classification     Law Development Centre Main Library Law Development Centre Main Library Text Books and Laws 06/29/2014   343.4104 TOL 8953/2014 06/29/2014 1 part 1c 06/29/2014 Books reserve
    Dewey Decimal Classification     Law Development Centre Main Library Law Development Centre Main Library Text Books and Laws 06/29/2014   343.4104 TOL 8955/2014 06/29/2014 1 part 2 06/29/2014 Books reserve
    Dewey Decimal Classification     Law Development Centre Main Library Law Development Centre Main Library Text Books and Laws 06/29/2014   343.4104 TOL 8956/2014 06/29/2014 1 part 3 06/29/2014 Books reserve